<?xml version="1.0" encoding="UTF-8"?><?xml-stylesheet type="text/xsl" href="static/style.xsl"?><OAI-PMH xmlns="http://www.openarchives.org/OAI/2.0/" xmlns:xsi="http://www.w3.org/2001/XMLSchema-instance" xsi:schemaLocation="http://www.openarchives.org/OAI/2.0/ http://www.openarchives.org/OAI/2.0/OAI-PMH.xsd"><responseDate>2026-04-14T04:56:37Z</responseDate><request verb="GetRecord" identifier="oai:www.recercat.cat:20.500.12328/3927" metadataPrefix="marc">https://recercat.cat/oai/request</request><GetRecord><record><header><identifier>oai:recercat.cat:20.500.12328/3927</identifier><datestamp>2025-05-16T13:02:25Z</datestamp><setSpec>com_2072_67741</setSpec><setSpec>col_2072_484352</setSpec></header><metadata><record xmlns="http://www.loc.gov/MARC21/slim" xmlns:dcterms="http://purl.org/dc/terms/" xmlns:xsi="http://www.w3.org/2001/XMLSchema-instance" xmlns:doc="http://www.lyncode.com/xoai" xsi:schemaLocation="http://www.loc.gov/MARC21/slim http://www.loc.gov/standards/marcxml/schema/MARC21slim.xsd">
   <leader>00925njm 22002777a 4500</leader>
   <datafield ind2=" " ind1=" " tag="042">
      <subfield code="a">dc</subfield>
   </datafield>
   <datafield ind2=" " ind1=" " tag="720">
      <subfield code="a">León, Javier</subfield>
      <subfield code="e">author</subfield>
   </datafield>
   <datafield ind2=" " ind1=" " tag="720">
      <subfield code="a">Carrascosa, Alejandro</subfield>
      <subfield code="e">author</subfield>
   </datafield>
   <datafield ind2=" " ind1=" " tag="720">
      <subfield code="a">Rodríguez, Xavier</subfield>
      <subfield code="e">author</subfield>
   </datafield>
   <datafield ind2=" " ind1=" " tag="720">
      <subfield code="a">Ruiz Magaz, Vanessa</subfield>
      <subfield code="e">author</subfield>
   </datafield>
   <datafield ind2=" " ind1=" " tag="720">
      <subfield code="a">Pascual, Andrés</subfield>
      <subfield code="e">author</subfield>
   </datafield>
   <datafield ind2=" " ind1=" " tag="720">
      <subfield code="a">Nart, José</subfield>
      <subfield code="e">author</subfield>
   </datafield>
   <datafield ind2=" " ind1=" " tag="260">
      <subfield code="c">2014</subfield>
   </datafield>
   <datafield ind2=" " ind1=" " tag="520">
      <subfield code="a">It has been shown that implant designs and different vertical positions have an influence on crestal bone. The purpose of this study was to use finite element (FE) analysis to biomechanically investigate the influence of the stress/strain distribution in a maxillary anterior 3.0-mm-diameter implant in relation to its apicocoronal level after oblique loading. Two different FE models, depending on implant position relative to bone crest, were applied. It can be concluded that placing the implant-abutment interface supracrestally provides decreased levels of stress and strain in the surrounding bone. However, placing the implant 0.5 mm supracrestally is also acceptable according to this analysis.</subfield>
   </datafield>
   <datafield ind1="8" ind2=" " tag="024">
      <subfield code="a">León, Javier; Carrascosa, Alejandro; Rodríguez, Xavier [et al.]. Finite element analysis relative to the crestal position of a 3.0-mm-diameter implant. The International Journal of Periodontics &amp; Restorative Dentistry, 2014, 34, p. 381-387. Disponible en: &lt;https://www.quintpub.com/journals/prd/abstract.php?iss2_id=1230&amp;article_id=14408&amp;article=12&amp;title=Finite%20Element%20Analysis%20Relative%20to%20the%20Crestal%20Position%20of%20a%203.0-mm-Diameter%20Implant#.U_3w9kuRNZg>. Fecha de acceso: 22 ene. 2024. DOI: 10.11607/prd.1960</subfield>
   </datafield>
   <datafield ind1="8" ind2=" " tag="024">
      <subfield code="a">0198-7569</subfield>
   </datafield>
   <datafield ind1="8" ind2=" " tag="024">
      <subfield code="a">http://hdl.handle.net/20.500.12328/3927</subfield>
   </datafield>
   <datafield ind1="8" ind2=" " tag="024">
      <subfield code="a">https://dx.doi.org/10.11607/prd.1960</subfield>
   </datafield>
   <datafield tag="653" ind2=" " ind1=" ">
      <subfield code="a">Implants dentals</subfield>
   </datafield>
   <datafield tag="653" ind2=" " ind1=" ">
      <subfield code="a">Implantes dentales</subfield>
   </datafield>
   <datafield tag="653" ind2=" " ind1=" ">
      <subfield code="a">Dental implants</subfield>
   </datafield>
   <datafield ind2="0" ind1="0" tag="245">
      <subfield code="a">Finite element analysis relative to the crestal position of a 3.0-mm-diameter implant</subfield>
   </datafield>
</record></metadata></record></GetRecord></OAI-PMH>